000 00788nam a2200253Ia 4500
003 OSt
005 20221005040440.0
006 a|||||r|||| 00| 0
007 ta
008 221004b |||||||| |||| 00| 0 eng d
020 _a9788120818408 (pbk)
_cINR 345.00
024 _a44610
037 _b360, 23/01/2019, Vidyanidhi Prakashan
_cTextual
040 _aCRL
_cCRL
_beng
041 _2eng
_aeng
082 _aLB, N9
100 _aSvoboda Robert E. Au.
_9589059
245 0 _aPrakriti
_b your ayurvedic constitution
260 _aDelhi
_bMotilal banarsidass publisher India
_c2017
300 _a207p.
_ccm.
650 _aVEDAS - AYUREVEDA
_928050
942 _hLB, N9
_cTEXL
_2cc
999 _c946915
_d946915